00936nam a2200253 i 450000100060000000300090000600500170001500700030003200800410003502000180007608000140009424501110010825000120021926000460023130000220027749000480029965000390034770000330038670000350041983000560045485200330051099900170054395201220056032036ES-MaACL20250828000013.0t|021129s2002 sp ||||1| spa d a84-7658-619-1 a009:001.800aNuevos métodos en ciencias humanas / cAngel Prior Olmos (coord.) ; [autores] Eduardo Bello ... et al.]. a1ª ed. aRubí (Barcelona) : bAnthropos, c2002. a205 p. ; c20 cm.1 aAutores, textos y temas. Filosofía ; v5214aHumanidades-xMetodología9134991 aPrior Olmos, Ángel.9939911 aBello Reguera, Eduardo.9272470 aAutores, textos y temas. Filosofía ; v529177263 aES-MaACLjL-26084 bR.131894 c32036d32036 00104070aATENEOMbATENEOMcDEPO2d2008-01-17eSCl0oL-26084p1033147r2023-02-23 00:00:00w2023-02-23yMONOGRAFIA